Catalog

Record Details

Catalog Search



Mouse house hunter  Cover Image Book Book

Mouse house hunter / Geronimo Stilton ; [cover by Giuseppe Ferrario (design) and Giulia Zaffaroni (color) ; illustrations by Danilo Loizedda (design) and Christian Aliprandi (color) ; graphics by Chiara Cebraro ; translated by Julia Heim ; interior design by Kay Petronio].

Stilton, Geronimo, (author.). Loizedda, Danilo, 1971- (illustrator.). Ferrario, Giuseppe, (cover designer.). Zaffaroni, Giulia, (cover designer,, colorist.). Aliprandi, Christian, (colorist.). Cebraro, Chiara, (graphic designer.). Heim, Julia, (translator.). Petronio, Kay, (book designer.).

Summary:

"When you're with me, Geronimo Stilton, it's always a fabu-mouse adventure! Sally Ratmousen broke some shocking news: The Rodent's Gazette was out of money and in danger of closing. Then Grandfather William broke even worse news to me: I needed to sell my comfy, cozy house in order to save our paper! How terrible! But could I sell it -- and find a new home -- in time to help?" -- Back cover.

Record details

  • ISBN: 9780545835541
  • ISBN: 0545835542
  • Physical Description: 107 pages : color illustrations ; 20 cm.
  • Publisher: New York, NY : Scholastic, ©2015

Content descriptions

General Note:
Original title: Geronimo cerca casa.
Target Audience Note:
Grade 4.
2nd-4th graders.
Subject: Stilton, Geronimo > Juvenile fiction.
Stilton, Geronimo, author. Geronimo Stilton > 61.
Adventure stories.
Housing > Juvenile fiction.
Mice > Juvenile fiction.
Superheroes > Juvenile fiction.
Reporters and reporting > Juvenile fiction.
Genre: Action and adventure fiction.

Available copies

  • 1 of 1 copy available at scottsboropl.

Holds

  • 0 current holds with 1 total copy.
Show Only Available Copies
Location Call Number / Copy Notes Barcode Shelving Location Status Due Date
scottsboropl JF Sti 32269000988868 Juvenile - Fiction Available -

LDR 02569cam a2200541Ii 4500
001141340
003CONS
00520160728084915.0
008150824t20152015nyua c 000 1 eng d
020 . ‡a9780545835541 ‡q(hardback)
020 . ‡a0545835542 ‡q(hardback)
035 . ‡a(CPomAG)LMN594757
0411 . ‡aeng ‡hita
05014. ‡aPZ7.S86008 ‡bMo 2015
08204. ‡a741.5945 ‡223
1001 . ‡aStilton, Geronimo, ‡eauthor.
24510. ‡aMouse house hunter / ‡cGeronimo Stilton ; [cover by Giuseppe Ferrario (design) and Giulia Zaffaroni (color) ; illustrations by Danilo Loizedda (design) and Christian Aliprandi (color) ; graphics by Chiara Cebraro ; translated by Julia Heim ; interior design by Kay Petronio].
2461 . ‡iAt head of title: ‡aGeronimo Stilton
264 1. ‡aNew York, NY : ‡bScholastic, ‡c©2015
300 . ‡a107 pages : ‡bcolor illustrations ; ‡c20 cm.
336 . ‡atext ‡btxt ‡2rdacontent
336 . ‡astill image ‡bsti ‡2rdacontent
337 . ‡aunmediated ‡bn ‡2rdamedia
338 . ‡avolume ‡bnc ‡2rdacarrier
500 . ‡aOriginal title: Geronimo cerca casa.
520 . ‡a"When you're with me, Geronimo Stilton, it's always a fabu-mouse adventure! Sally Ratmousen broke some shocking news: The Rodent's Gazette was out of money and in danger of closing. Then Grandfather William broke even worse news to me: I needed to sell my comfy, cozy house in order to save our paper! How terrible! But could I sell it -- and find a new home -- in time to help?" -- Back cover.
5210 . ‡aGrade 4.
5212 . ‡a2nd-4th graders.
60010. ‡aStilton, Geronimo ‡vJuvenile fiction.
60010. ‡aStilton, Geronimo, ‡eauthor. ‡tGeronimo Stilton ‡v61.
650 0. ‡aAdventure stories.
650 0. ‡aHousing ‡vJuvenile fiction.
650 0. ‡aMice ‡vJuvenile fiction.
650 0. ‡aSuperheroes ‡vJuvenile fiction.
650 0. ‡aReporters and reporting ‡vJuvenile fiction.
655 7. ‡aAction and adventure fiction. ‡2lcgft
7001 . ‡aLoizedda, Danilo, ‡d1971- ‡eillustrator.
7001 . ‡aFerrario, Giuseppe, ‡ecover designer.
7001 . ‡aZaffaroni, Giulia, ‡ecover designer, ‡ecolorist.
7001 . ‡aAliprandi, Christian, ‡ecolorist.
7001 . ‡aCebraro, Chiara, ‡egraphic designer.
7001 . ‡aHeim, Julia, ‡etranslator.
7001 . ‡aPetronio, Kay, ‡ebook designer.
74010. ‡aGeronimo cerca casa. ‡lEnglish
830 0. ‡aGeronimo Stilton ; ‡v61.
914 . ‡aSCP_jd
959 . ‡i32269000988868 ‡lJF Sti ‡aJuvenile - Fiction ‡tJuv Fiction ‡g20.00
852 . ‡p32269000988868 ‡jJF Sti ‡gJuvenile - Fiction ‡cJuv Fiction ‡y20.00 ‡bSBPL
901 . ‡a141340 ‡bUnknown ‡c141340 ‡tbiblio

Additional Resources